MARC details
| 000 -CABECERA |
| campo de control de longitud fija |
02695nam a2200289 c 4500 |
| 003 - IDENTIFICADOR DEL NÚMERO DE CONTROL |
| campo de control |
DO-SdBNP |
| 005 - FECHA Y HORA DE LA ÚLTIMA TRANSACCIÓN |
| campo de control |
20250702114918.0 |
| 007 - CAMPO FIJO DE DESCRIPCIÓN FÍSICA--INFORMACIÓN GENERAL |
| campo de control de longitud fija |
ta |
| 008 - DATOS DE LONGITUD FIJA--INFORMACIÓN GENERAL |
| campo de control de longitud fija |
250702b2024 dr a|||j |||| 00| 0 spa d |
| 020 ## - NÚMERO INTERNACIONAL ESTÁNDAR DEL LIBRO |
| Número Internacional Estándar del Libro |
9789945803280 |
| 040 ## - FUENTE DE LA CATALOGACIÓN |
| Centro catalogador/agencia de origen |
DO-SdBNP |
| Lengua de catalogación |
spa |
| Centro/agencia transcriptor |
BNPHU |
| Normas de descripción |
rda |
| 082 ## - NÚMERO DE LA CLASIFICACIÓN DECIMAL DEWEY |
| Número de clasificación |
xxxx |
| Número de documento/Ítem |
A728 |
| Número de edición |
22 |
| 100 1# - ENTRADA PRINCIPAL--NOMBRE DE PERSONA |
| Nombre de persona |
Armenteros, Marilyn |
| Término indicativo de función/relación |
autora |
| Código de función/relación |
aut. |
| 9 (RLIN) |
86992 |
| 245 10 - MENCIÓN DE TÍTULO |
| Título |
Don Sin Cola : |
| Resto del título |
y otros cuentos / |
| Mención de responsabilidad, etc. |
Marilyn Armenteros ; ilustraciones, Paloma Velásquez |
| 250 ## - MENCIÓN DE EDICIÓN |
| Mención de edición |
Primera edición |
| 264 ## - PRODUCCIÓN, PUBLICACIÓN, DISTRIBUCIÓN, FABRICACIÓN Y COPYRIGHT |
| Producción, publicación, distribución, fabricación y copyright |
Santo Domingo : |
| Nombre del de productor, editor, distribuidor, fabricante |
Editora Amigos del Hogar, |
| Fecha de producción, publicación, distribución, fabricación o copyright |
2024. |
| 300 ## - DESCRIPCIÓN FÍSICA |
| Extensión |
46 páginas |
| Dimensiones |
20 cm. |
| 336 ## - TIPO DE CONTENIDO |
| Término de tipo de contenido |
texto |
| Código de tipo de contenido |
txt |
| Fuente |
rdacontent |
| 337 ## - TIPO DE MEDIO |
| Nombre/término del tipo de medio |
sin mediación |
| Código del tipo de medio |
n |
| Fuente |
rdamedia |
| 338 ## - TIPO DE SOPORTE |
| Nombre/término del tipo de soporte |
volumen |
| Código del tipo de soporte |
nc |
| Fuente |
rdacarrier |
| 500 ## - NOTA GENERAL |
| Nota general |
Incluye datos biografícos de la autora en la contracubierta. |
| 520 ## - SUMARIO, ETC. |
| Sumario, etc. |
El gracioso libro Don Sin Cola, que hoy presentamos a su consideración, es una expresión tangible de ese talento que Marilyn no había descubierto. Nació como la ejecución de una tarea de carácter libre asignada al final de un curso de actualización ortográfica, y así se reveló la capacidad narrativa de esta autora.<br/>Marilyn Armenteros —que ingresa gozosa al mágico universo de la literatura infantil y juvenil— nos sorprende con una prosa ágil, fresca y amena para disfrute no solo de quienes atraviesan por los estadios a quienes van dirigidos sus cuentos, sino también de los que ya estamos enfundados en un cuerpo adulto pero conservamos la mirada y la atención en esa tierna criatura interna que nos acompañará de por vida.<br/>En este libro los personajes y roles están bien definidos y la narración cumple con el propósito de mantener la atención del lector en todo su trayecto y presentar un final interesante en cada uno de los cuentos: una duda, en Don Sin Cola, para que el lector la disipe, porque las protagonistas aún se preguntan si resultaron vencedoras o vencidas; una solución saludable frente a la incomprensión de los demás, sin necesidad de juzgarlos, en ¿Cuentos de niños o cosas de adultos?, y una atinada lección en el cuento Paseo al zoológico, que recuerda que no todos los animales peligrosos son grandes ni están enjaulados.<br/>Especial ternura despierta el final de Mi primera mascota, y particularmente, el de El carro de la Barbie, en que la protagonista descubre —por intuición femenina innata—la vía más expedita para llegar al corazón de un padre derretido y lograr su objetivo de recibir los dos regalos de cumpleaños a que aspiraba, en vez de uno, como pretendía su progenitor. |
| 590 ## - NOTA LOCAL (RLIN) |
| Nota local |
Inventariado, 2025/ YL |
| 700 1# - PUNTO DE ACCESO ADICIONAL--NOMBRE DE PERSONA |
| Nombre de persona |
Velásquez, Paloma |
| Término indicativo de función/relación |
ilustrador |
| Código de función/relación |
il. |
| 9 (RLIN) |
88231 |
| 910 ## - DATOS DE OPCIÓN DEL USUARIO (OCLC) |
| Datos de opción del usuario |
YLockward |
| 942 ## - ELEMENTOS DE PUNTO DE ACCESO ADICIONAL (KOHA) |
| Fuente del sistema de clasificación o colocación |
Dewey Decimal Classification |
| Tipo de ítem Koha |
Folleto |